| 000 | 00356nam a2200145 a 4500 | ||
|---|---|---|---|
| 001 | 390 | ||
| 003 | CDMR | ||
| 005 | 20130116135154.0 | ||
| 008 | 130130s1994||||||||||||||||||||||||||||d | ||
| 040 |
_aCDMR _bcat _cCPC GIRONA |
||
| 100 | 1 |
_aAlbert, Lluís _9270 |
|
| 245 | 1 | 0 |
_aCançoner de l'Empordà _cAlbert, Lluís |
| 260 |
_c1994 _bEdicions del Brau |
||
| 942 | _cMON | ||
| 999 |
_c390 _d390 |
||